| 000 | 00434nam a2200181Ia 4500 | ||
|---|---|---|---|
| 005 | 20240823041113.0 | ||
| 008 | 240823s9999||||xx |||||||||||||| ||und|| | ||
| 020 | _a978-81-7473-132-6 | ||
| 041 | _aENGLISH | ||
| 082 | _A820 Q4 | ||
| 100 | _aHudson W H | ||
| 245 | 0 | _aHistory of English Literature | |
| 260 |
_c2014 _b"AITBS ,Delhi" |
||
| 500 | _aYES | ||
| 650 |
_aenglish literatture _bEnglish |
||
| 942 | _cBK | ||
| 999 |
_c204695 _d204695 |
||